00482nam a2200193 a 4500001001300000003000900013005001700022008004100039020001000080082001700090100001500107245004400122260003100166300000800197500003500205505001700240650001600257700001500273nice12345678IN_TiNIC20260116011754.0050524s0000 dela grp 000 0 urd  ac10000a297.93bBAH1 aBahaulla,  aDaur-E-Bahai Mukhtasar Tarikh-O-Taleem. aDelhi.bJayyad Pressc0000 a32p aincludes index and biblioraphy2 afour titles. aBahai Faith1 aBahaulla,